All Indo-European Languages - Statistics

General Stats
  • This quiz has been taken 91 times
  • The average score is 73 of 250
Answer Stats
Language Sub-Family (Language Group) Language % Correct
Hellenic Greek
99%
Slavic (East) Russian
99%
Romance (Oïl) French
97%
Romance (Italo-Dalmatian) Italian
97%
Germanic (West) Standard German
97%
Slavic (South) Shtokavian / Serbo-Croatian / (Serbian / Croatian / Bosnian / Montenegrin)
96%
Indic (Central) Hindustani / Hindi / Urdu
95%
Slavic (West) Polish
95%
Romance (Iberian) Spanish / Castilian
95%
Slavic (East) Ukrainian
95%
Germanic (West) Dutch
94%
Celtic (Goidelic) Irish
94%
Indic (Western) Romani
94%
Germanic (North) Swedish
94%
Slavic (East) Belarusian
92%
Baltic Latvian
92%
Baltic Lithuanian
92%
Iranian (Western) Persian / Dari / Tajik
92%
Romance (Iberian) Portuguese
92%
Celtic (Goidelic) Scottish Gaelic
92%
Romance (Occitano-Romance) Catalan
91%
Slavic (West) Czech
91%
________ Albanian
90%
Germanic (North) Danish
90%
Germanic (North) Norwegian
90%
Slavic (West) Slovak
90%
Slavic (South) Bulgarian
88%
________ Armenian
86%
Romance (Eastern) Romanian
86%
Slavic (South) Slovene
86%
Germanic (West) English
84%
Celtic (Brittonic) Welsh
84%
Romance (Italo-Dalmatian) Extreme Southern Italian / Sicilian
83%
Romance (Iberian) Galician / Galego
82%
Romance (Occitano-Romance) Occitan / Provençal
82%
Celtic (Brittonic) Breton
81%
Germanic (North) Icelandic
79%
Slavic (South) Macedonian
79%
Celtic (Goidelic) Manx
79%
Germanic (West) West Frisian
79%
Romance (Rhaeto-Romance) Romansh
78%
Romance (Southern) Sardinian / Sard
78%
Germanic (West) Scots
78%
Celtic (Brittonic) Cornish
77%
Romance (Iberian) Asturian / Leonese / Asturleonese
75%
Iranian (Eastern) Pashto
75%
Romance (Italo-Dalmatian) Venetian
74%
Romance (Gallo-Italic) Ligurian / Genoese
73%
Indic (Northwestern) Punjabi
73%
Indic (Eastern) Bengali
71%
Romance (Italo-Dalmatian) Corsican
71%
Indic (Western) Gujarati
70%
Germanic (West) Low German / Low Saxon
69%
Romance (Italo-Dalmatian) Neapolitan
69%
Romance (Iberian) Aragonese
68%
Germanic (West) Moselle Franconian / Luxembourgish
66%
Germanic (North) Faroese
65%
Iranian (Western) Kurdish
65%
Romance (Gallo-Italic) Lombard
65%
Indic (Northern) Nepali
65%
Indic (Southern) Marathi
62%
Slavic (West) Sorbian
62%
Slavic (West) Kashubian
60%
Romance (Rhaeto-Romance) Ladin
60%
Romance (Oïl) Walloon
58%
Romance (Gallo-Italic) Piedmontese
57%
Romance (Rhaeto-Romance) Friulian / Friulan
56%
Slavic (East) Rusyn
56%
Iranian (Western) Balochi
55%
Romance (Eastern) Aromanian / Vlach
52%
Romance (Oïl) Norman
51%
Indic (Eastern) Assamese
49%
Indic (Insular) Sinhala
48%
Romance (Oïl) Picard
47%
Indic (Northwestern) Sindhi
47%
Germanic (West) Yiddish
47%
Romance (Iberian) Extremaduran
45%
Indic (Dardic) Kashmiri / Koshur
44%
Romance (Iberian) Mirandese
44%
Romance (Gallo-Italic) Emilian
43%
Indic (Eastern) Odia
43%
Germanic (West) Afrikaans
40%
Iranian (Western) Dari / Zoroastrian Dari
40%
Romance (Oïl) Arpitan / Franco-Provençâl
39%
Germanic (West) Limburgish
39%
Iranian (Eastern) Ossetian
38%
Indic (Insular) Dhivehi
36%
Indic (Eastern) Bhojpuri
32%
Romance (Iberian) Judeo-Spanish / Ladino
32%
Baltic Latgalian
29%
Indic (Eastern) Maithili
29%
Germanic (West) East Frisian
27%
Germanic (West) North Frisian
27%
Romance (Gallo-Italic) Romagnol
27%
Iranian (Western) Luri
26%
Indic (Southern) Konkani
23%
Germanic (North) Gutnish
22%
Indic (Central) Chhattisgarhi
21%
Romance (Oïl) Burgundian-Morvandeau
19%
Romance (Oïl) Lorrain
19%
Indic (Northern) Dogri
18%
Romance (Iberian) Fala
18%
Romance (Oïl) Gallo
18%
Iranian (Western) Zaza / Zazaki
18%
Indic (Eastern) Chittagonian
17%
Romance (Eastern) Istro-Romanian
17%
Indic (Central) Awadhi / Fiji Hindi
16%
Iranian (Western) Mazanderani / Tabari
16%
Iranian (Western) Gilaki
14%
Romance (Italo-Dalmatian) Istriot
14%
Indic (Western) Marwari
14%
Indic (Central) Haryanvi
13%
Iranian (Western) Gorani / Hawrami
12%
Indic (Eastern) Magahi / Magadhi
12%
Romance (Eastern) Megleno-Romanian
12%
Germanic (West) Wymysorys / Vilamovian
12%
Indic (Northwestern) Bhili
10%
Indic (Western) Mewari
10%
Indic (Eastern) Sylheti
10%
Slavic (South) Chakavian
9%
Indic (Northern) Garhwali
9%
Indic (Northern) Kumaoni
9%
Indic (Eastern) Rangpuri
9%
Indic (Central) Braj
8%
Slavic (South) Church Slavonic
8%
Indic (Western) Domari
8%
Nuristani Kalasha / Waigali
8%
Indic (Dardic) Kohistani
8%
Romance (Oïl) Poitevin-Saintongeais
8%
Indic (Eastern) Rohingya
8%
Indic (Dardic) Shina
8%
Iranian (Western) Tati
8%
Slavic (South) Torlakian
8%
Iranian (Eastern) Wakhi
8%
Iranian (Eastern) Yaghnobi
8%
Romance (Oïl) Champenois
6%
Indic (Western) Dhundari / Jaipuri
6%
Indic (Eastern) Halbi
6%
Slavic (South) Kajkavian
6%
Indic (Dardic) Kalasha
6%
Indic (Northwestern) Kutchi
6%
Indic (Eastern) Nagpuri
6%
Iranian (Western) Semnani
6%
Indic (Central) Bundeli / Bundelkhandi
5%
Indic (Western) Khandeshi
5%
Iranian (Eastern) Sarikoli / Tashkorghani
5%
Iranian (Eastern) Shughni / Khughni
5%
Iranian (Eastern) Yidgha
5%
Nuristani Ashkun
4%
Indic (Central) Bagheli
4%
Romance (Oïl) Franc-Comtois / Jurassian
4%
Iranian (Western) Gazi
4%
Iranian (Eastern) Ishkashimi
4%
Indic (Northern) Jaunsari
4%
Indic (Northern) Kangri
4%
Indic (Central) Kannauji
4%
Nuristani Katë
4%
Indic (Dardic) Khowar / Chitrali
4%
Iranian (Western) Kumzari
4%
Iranian (Western) Lasgerdi
4%
Indic (Western) Malvi / Malavi
4%
Indic (Western) Mewati
4%
Iranian (Eastern) Munji
4%
Iranian (Western) Nayini / Biyabanak
4%
Iranian (Eastern) Ormuri
4%
Indic (Dardic) Palula / Ashreta / Dangarikwar
4%
Iranian (Eastern) Parachi
4%
Indic (Dardic) Pashayi
4%
Nuristani Prasun
4%
Iranian (Eastern) Sanglechi / Zebaki
4%
Iranian (Western) Sangsari / Sangisari
4%
Iranian (Western) Sivandi
4%
Iranian (Western) Soi / Sohi
4%
Iranian (Western) Sorkhei
4%
Nuristani Tregami
4%
Iranian (Eastern) Wanetsi / Tarino
4%
Nuristani Zemiaki
4%
Indic (Western) Aer / Koli
3%
Indic (Southern) Andh
3%
Iranian (Western) Bashkardi / Bashagerdi / Bashaka
3%
Indic (Dardic) Dameli
3%
Indic (Northern) Doteli
3%
Iranian (Western) Khunsari
3%
Indic (Northwestern) Luwati
3%
Indic (Northwestern) Memoni
3%
Iranian (Western) Natanzi
3%
Indic (Western) Nimadi
3%
Indic (Western) Saurashtra
3%
Indic (Western) Bagri
1%
Indic (Eastern) Bhunjia
1%
Indic (Eastern) Bishnupuri
1%
Indic (Dardic) Brokskat / Minaro
1%
Indic (Eastern) Chakma
1%
Indic (Dardic) Dawoodi / Domaaki
1%
Indic (Western) Dhatki / Dhatti / Thari
1%
Indic (Western) Gamit
1%
Indic (Dardic) Gawar-Bati / Narsati
1%
Indic (Western) Gujari / Gurjari
1%
Indic (Western) Harauti
1%
Indic (Northern) Hinduri
1%
Indic (Western) Jandavra
1%
Indic (Northern) Jumli
1%
Indic (Western) Kalto
1%
Indic (Eastern) Kamar
1%
Indic (Northwestern) Khetrani
1%
Indic (Eastern) Khortha
1%
Indic (Eastern) Kurmali / Kudmali
1%
Indic (Western) Lambadi / Lambani / Banjari
1%
Indic (Northern) Mahasu Pahari / Mahasui
1%
Indic (Northern) Mandeali
1%
Indic (Eastern) Nahari
1%
Indic (Dardic) Nangalami / Grangali
1%
Indic (Central) Parya
1%
Iranian (Eastern) Rushani
1%
Indic (Central) Sansi / Bhilki
1%
Indic (Dardic) Shumashti
1%
Indic (Northern) Sirmauri
1%
Indic (Central) Surgujia
1%
Indic (Eastern) Surjapuri
1%
Indic (Dardic) Ushoji
1%
Indic (Western) Vaghri
1%
Indic (Western) Vasavi
1%
Iranian (Eastern) Yazgulyam
1%
Indic (Western) Bareli
0%
Indic (Eastern) Bhatri
0%
Indic (Western) Bhilali
0%
Indic (Eastern) Bodo Parja / Jharia
0%
Iranian (Western) Garmsiri
0%
Indic (Central) Ghera / Bara
0%
Indic (Western) Gurgula
0%
Indic (Eastern) Hajong
0%
Indic (Western) Jogi
0%
Iranian (Western) Judeo-Hamedani / Judeo-Borujerdi
0%
Indic (Central) Kabutra
0%
Indic (Dardic) Kalkota / Goedijaa
0%
Indic (Eastern) Kayort
0%
Iranian (Western) Khargi
0%
Indic (Eastern) Kharia Thar
0%
Indic (Northern) Kinnauri Pahari / Oras Boli
0%
Iranian (Western) Kuhmareyi
0%
Indic (Northern) Kullui
0%
Indic (Dardic) Kundal Shahi
0%
Indic (Eastern) Kupia / Balmiki
0%
Indic (Eastern) Kurmukar
0%
Indic (Eastern) Musasa
0%
Indic (Southern) Nawayathi
0%
Indic (Dardic) Sawi
0%
Indic (Western) Seb Seliyer
0%
Indic (Eastern) Tangchangya
0%
No matching quizzes found
Score Distribution
Percent of People with Each Score
Percentile by Number Answered
Your Score History
You have not taken this quiz